000 00254nam a2200097Ia 4500
001 1206272
005 20251013151518.0
008 250824s9999 xx 000 0 und d
245 0 _aUMRANDAN UYGARLIĞA
_cCEMİL MERİÇ
260 _bİLETİŞİM YAYINLARI
999 _c1206272
_d1206272